000 00291nam a22001337a 4500
008 170511b xxu||||| |||| 00| 0 eng d
020 _a031442363
041 _aeng
080 _23RD
_a343
100 _a15
101 _aSHJ
245 _aPROBLEMS IN EVIDENCE
_cBROUN, K.S
942 _2udc
_cBK
999 _c13241
_d13241